Marrakech - Culture générale - Statistiques

Statistiques générales
  • Ce quiz a été pris 432 fois
  • Le résultat moyen est 10 sur 15
Statistiques - réponses
Information Réponse % Correct
Ville du pays plus peuplée que Marrakech Casablanca / Fès / Tanger
95%
Pays auquel la ville a donné le nom Maroc
94%
Marchés orientaux dans lesquels on se perd Souks
88%
Humoriste franco-marocain qui fonde en 2011 le festival Marrakech du rire Jamel Debbouze
87%
Chaîne de montagne aux portes de Marrakech Haut-Atlas
86%
Surnom de la ville dû à la couleur de ses remparts La ville {rouge}
83%
Couturier qui y vécu et y possède aujourd'hui son musée Yves Saint Laurent
74%
Ethnie nord-africaine des premiers habitants Berbère
73%
Sous le protectorat de ce pays, la ville devient au lieu du tourisme France
71%
Type de bâtiment qu'est la "Koutoubia" Mosquée
71%
Place datant du XIème siècle très animée au sein de cette dernière Place Jemaa {el-Fna}
65%
Arbres plantés sur 15 000ha au nord de la ville Palmiers
56%
"Ville ancienne", très dense et restée intacte, classée au patrimoine UNESCO Médina
51%
Footballer, dit Justo, qui a marqué 13 buts à la Coupe du monde 1958, un record Just Fontaine
31%
Récipient utilisé pour cuire traditionnellement la Tangia, plat marrakchi Tangia (Pot en terre) :)
14%
Aucun quiz correspondant
Distribution des résultats
% des personnes avec chaque résultat
Percentile par nombre de réponses
Votre historique - résultats
Vous n’avez pas pris ce quiz